000 01215nam a2200325 i 4500
003 EG-GICUC
005 20260301235223.0
008 260301s2009 ua ||||fr|||| 00| 0 ara d
017 _a2008/24182
020 _a978-977-04-5877-1
040 _a EG-GICUC
_bara
_c EG-GICUC
_d EG-GICUC
_erda
041 0 _aara
082 0 4 _221
_a345.8223
_bر أ . ق
092 0 4 _221
099 _aLaw1 07 345.8223 ر أ . ق 2009
100 0 _aرأفت فودة
_eمؤلف.
245 1 2 _aالقضاء الإداري.
_nالجزء الأول،
_pقضاء الإلغاء /
_cدكتور رأفت فودة .
264 1 _aالقاهرة :
_bدار النهضة العربية،
_c2009.
300 _a638 ؛ صفحة
_c24 سم.
336 _2rda content
_atext
337 _2rda media
_aComputer
338 _2rda carrier
_aOnline Resource
500 _aمبدأ المشروعية - الاختصاص - دعوى الإلغاء
546 _aالنص أغلبه باللغة العربية مع بعض النصوص الفرنسية
650 1 4 _aدعوي الالغاء
650 1 4 _aالقانون الإداري
856 4 0 _uhttps://fll.law.cu.edu.eg/fulltext/bks/B07-03523.pdf
905 _a77
942 _2ddc
_cBK
_e21
_n0
999 _c64551
_d64551